Romanian Football Clubs - Statistics

General Stats
  • This quiz has been taken 193 times
  • The average score is 18 of 36
Answer Stats
Hint Answer % Correct
Superliga CFR Cluj
97%
Superliga Dinamo Bucuresti
96%
Superliga FCSB
96%
Superliga Universitatea Craiova
87%
Superliga Rapid Bucuresti
84%
Superliga Farul Constanta
82%
Superliga U Cluj
77%
Superliga Botosani
75%
Liga 2 CSA Steaua Bucuresti
74%
Superliga Petrolul Ploiesti
74%
Superliga Sepsi Sf. Gheorghe
74%
Superliga UTA Arad
71%
Superliga Otelul Galati
65%
Superliga Poli Iasi
64%
Liga 2 Gloria Buzau
62%
Superliga Voluntari
62%
Liga 2 FC Arges
57%
Superliga Hermannstadt
57%
Liga 2 Corvinul Hunedoara
52%
Liga 2 Unirea Slobozia
48%
Liga 2 Metaloglobus Bucuresti
40%
Liga 2 Csikszereda Miercurea Ciuc
38%
Liga 2 Mioveni
37%
Superliga U Craiova
37%
Liga 2 Resita
30%
Liga 2 Chindia Targoviste
28%
Liga 2 Concordia Chiajna
26%
Liga 2 Ceahlaul Piatra Neamt
20%
Liga 2 Slatina
20%
Liga 2 Selimbar
19%
Liga 2 Dumbravita
14%
Liga 2 Unirea Dej
14%
Liga 2 Tunari
13%
Liga 2 Viitorul Targu Jiu
13%
Liga 2 Alexandria
10%
Liga 2 Progresul Spartac
7%
No matching quizzes found
Score Distribution
Percent of People with Each Score
Percentile by Number Answered
Your Score History
You have not taken this quiz